[Event "3rd ch-GER Internet Blitz Candidates"]
[Site "playchess INT"]
[Date "2005.04.02"]
[Round "3"]
[White "Renner, Christo"]
[Black "Polaczek, R."]
[Result "1-0"]
[WhiteElo "2398"]
[BlackElo "2426"]
[PlyCount "113"]
[EventDate "2005.04.02"]
[EventType "swiss (blitz)"]
[EventRounds "15"]
[Source "Mark Crowther"]
[SourceDate "2005.04.04"]

1. e4 Nf6 2. d3 d5 3. e5 Nfd7 4. d4 e6 5. c3 c5 6. Be3 Nc6 7. Be2 Qb6 8. Qd2 f6
9. f4 fxe5 10. fxe5 cxd4 11. cxd4 Bb4 12. Nc3 Ndxe5 13. dxe5 d4 14. Bf2 O-O 15.
Nf3 dxc3 16. bxc3 Bc5 17. O-O Bxf2+ 18. Rxf2 Nxe5 19. Nd4 Rxf2 20. Kxf2 Ng6 21.
Qe3 e5 22. Nb5 Bd7 23. Bc4+ Kh8 24. Qxb6 axb6 25. Nd6 h6 26. Rb1 b5 27. Bb3 Nf4
28. g3 Nd3+ 29. Ke3 Nc5 30. Bd5 Bc6 31. Bxc6 bxc6 32. Nf7+ Kg8 33. Nxe5 Rxa2
34. Nxc6 Rxh2 35. Rxb5 Nd7 36. Rb7 Nf6 37. Ne5 Rg2 38. Kf3 Rc2 39. Rc7 Nd5 40.
Rc8+ Kh7 41. c4 Ne7 42. Rc7 Ng6 43. Nd7 Rc3+ 44. Kg4 Kg8 45. c5 Ne7 46. Ne5 Nd5
47. Rc8+ Kh7 48. Kh3 h5 49. c6 g5 50. Rd8 Nf4+ 51. Kh2 Rc2+ 52. Kg1 Rc1+ 53.
Kf2 Rc2+ 54. Ke3 Ne6 55. Rd7+ Kg8 56. Rd6 Nc7 57. Rd8+ 1-0

[Event "3rd ch-GER Internet Blitz Candidates"]
[Site "playchess INT"]
[Date "2005.04.02"]
[Round "3"]
[White "Kopylov, M."]
[Black "Berelovich, A."]
[Result "0-1"]
[WhiteElo "2430"]
[BlackElo "2542"]
[PlyCount "80"]
[EventDate "2005.04.02"]
[EventType "swiss (blitz)"]
[EventRounds "15"]
[Source "Mark Crowther"]
[SourceDate "2005.04.04"]

1. d4 e6 2. c4 f5 3. g3 Nf6 4. Bg2 Bb4+ 5. Nd2 O-O 6. Ngf3 d6 7. O-O Bxd2 8.
Bxd2 Qe7 9. Qc2 Ne4 10. Bc3 Nc6 11. b4 Nxc3 12. Qxc3 e5 13. b5 Nxd4 14. Nxd4
exd4 15. Qxd4 a6 16. e3 axb5 17. cxb5 Be6 18. a4 d5 19. a5 c6 20. bxc6 bxc6 21.
Rfc1 Ra6 22. Qc5 Qxc5 23. Rxc5 Bd7 24. Bf1 Ra7 25. a6 Rb8 26. Rac1 Kf8 27. R5c2
Ke7 28. Bd3 g6 29. Kg2 Kd6 30. h4 Rb6 31. h5 Bc8 32. hxg6 hxg6 33. Rh1 Bxa6 34.
Ra2 Bxd3 35. Rxa7 Be4+ 36. f3 Rb2+ 37. Kh3 Bxf3 38. Rc1 g5 39. g4 fxg4+ 40. Kg3
Rg2# 0-1

[Event "3rd ch-GER Internet Blitz Candidates"]
[Site "playchess INT"]
[Date "2005.04.02"]
[Round "3"]
[White "Zimmermann, J."]
[Black "Reich, T."]
[Result "0-1"]
[WhiteElo "2335"]
[BlackElo "2406"]
[PlyCount "132"]
[EventDate "2005.04.02"]
[EventType "swiss (blitz)"]
[EventRounds "15"]
[Source "Mark Crowther"]
[SourceDate "2005.04.04"]

1. e4 d6 2. d4 Nf6 3. Nc3 g6 4. h3 Bg7 5. Be3 O-O 6. Nge2 a6 7. a4 b6 8. g4 c5
9. Bg2 Bb7 10. O-O Nfd7 11. Qd2 cxd4 12. Bxd4 Ne5 13. b3 Nbc6 14. Be3 Nd7 15.
Rad1 Rc8 16. f4 Nc5 17. Nd4 Nxd4 18. Bxd4 e5 19. Be3 exf4 20. Bxf4 Ne6 21. Ne2
Nxf4 22. Nxf4 Qe7 23. c4 Rfd8 24. Nd5 Bxd5 25. exd5 a5 26. Rde1 Qc7 27. Qg5 Re8
28. Qd2 Qc5+ 29. Kh1 Be5 30. Qf2 Qxf2 31. Rxf2 Bg3 32. Rxe8+ Rxe8 33. Rf3 Re1+
34. Bf1 Be5 35. Kg2 Rb1 36. Rd3 Kg7 37. Be2 Rb2 38. Kf3 h5 39. gxh5 gxh5 40.
Re3 Kg6 41. Rd3 f5 42. Re3 h4 43. Rd3 Kg5 44. Bf1 Bg3 45. Be2 Rb1 46. Re3 Rh1
47. Re8 Rxh3 48. Rb8 Be5+ 49. Kg2 Rxb3 50. c5 Rg3+ 51. Kf2 bxc5 52. Rb5 Ra3 53.
Rxa5 h3 54. Bf3 Bd4+ 55. Ke2 h2 56. Bh1 Ra1 57. Bg2 h1=Q 58. Bxh1 Rxh1 59. Ra6
Be5 60. a5 Ra1 61. Ra8 f4 62. a6 Kf5 63. a7 Ke4 64. Kf2 Ra2+ 65. Ke1 f3 66. Kf1
Ke3 0-1

[Event "3rd ch-GER Internet Blitz Candidates"]
[Site "playchess INT"]
[Date "2005.04.02"]
[Round "3"]
[White "Enzmann, S."]
[Black "Womacka, M."]
[Result "1-0"]
[WhiteElo "2204"]
[BlackElo "2436"]
[PlyCount "103"]
[EventDate "2005.04.02"]
[EventType "swiss (blitz)"]
[EventRounds "15"]
[Source "Mark Crowther"]
[SourceDate "2005.04.04"]

1. Nf3 c5 2. g3 Nc6 3. Bg2 e5 4. O-O g6 5. d3 Bg7 6. c3 Nge7 7. Qa4 O-O 8. Qh4
d6 9. e4 f6 10. Na3 Be6 11. Bh6 Qd7 12. Rad1 g5 13. Bxg5 fxg5 14. Nxg5 h6 15.
Nxe6 Qxe6 16. Nc4 b5 17. Ne3 b4 18. Bh3 Qf6 19. Qg4 Rab8 20. f4 bxc3 21. bxc3
exf4 22. Rxf4 Qxc3 23. Qe6+ Kh8 24. Rh4 Qf6 25. Qxf6 Rxf6 26. Ng4 Rg6 27. Rf1
Bd4+ 28. Kh1 Kg7 29. Bg2 Rb2 30. e5 Nxe5 31. Nxe5 Bxe5 32. Be4 Rf6 33. Rg4+ Kf7
34. Rxf6+ Kxf6 35. Rh4 Kg5 36. Bf3 Rxa2 37. Rg4+ Kf5 38. Rh4 Kg5 39. Rg4+ Kf6
40. Rh4 Kg7 41. Rg4+ Kf7 42. Be4 Rd2 43. Rh4 a5 44. Rxh6 a4 45. Rh7+ Ke6 46.
Rh6+ Kd7 47. Rh7 a3 48. Bf5+ Kd8 49. Be6 a2 50. Rh8+ Kc7 51. Ra8 d5 52. Ra7+
1-0

[Event "3rd ch-GER Internet Blitz Candidates"]
[Site "playchess INT"]
[Date "2005.04.02"]
[Round "3"]
[White "Rodewis, T."]
[Black "Schmidt, Ha"]
[Result "1-0"]
[WhiteElo "2364"]
[BlackElo "2368"]
[PlyCount "109"]
[EventDate "2005.04.02"]
[EventType "swiss (blitz)"]
[EventRounds "15"]
[Source "Mark Crowther"]
[SourceDate "2005.04.04"]

1. d4 f5 2. g3 Nf6 3. Bg2 g6 4. c4 Bg7 5. Nc3 O-O 6. Nh3 Nc6 7. O-O d6 8. d5
Ne5 9. b3 Ne4 10. Bb2 Nxc4 11. bxc4 Nxc3 12. Qc2 Ne4 13. Bxg7 Kxg7 14. Bxe4
fxe4 15. Ng5 e5 16. Nxe4 Bf5 17. f3 b6 18. Qd3 a5 19. Qe3 Bxe4 20. Qxe4 Qf6 21.
e3 Rae8 22. Rae1 Qf5 23. Qxf5 gxf5 24. f4 exf4 25. exf4 Kf6 26. a4 h5 27. Kf2
Rh8 28. h3 Rhg8 29. Kf3 Rh8 30. Kf2 Rhg8 31. Rxe8 Rxe8 32. Re1 Rxe1 33. Kxe1
Ke7 34. Ke2 Kd7 35. Kd3 Ke7 36. Kd4 Kd7 37. Ke3 h4 38. g4 c5 39. gxf5 Ke7 40.
Kf3 Kf6 41. Kg4 Kf7 42. Kxh4 b5 43. axb5 a4 44. b6 a3 45. b7 a2 46. b8=Q a1=Q
47. Qc7+ Kg8 48. Qd8+ Kf7 49. Qd7+ Kg8 50. Qe6+ Kh7 51. Qg6+ Kh8 52. f6 Qe1+
53. Qg3 Qxg3+ 54. Kxg3 Kg8 55. Kg4 1-0

[Event "3rd ch-GER Internet Blitz Candidates"]
[Site "playchess INT"]
[Date "2005.04.02"]
[Round "3"]
[White "Peschlow, P."]
[Black "Lentrodt, T."]
[Result "1/2-1/2"]
[WhiteElo "2318"]
[BlackElo "2292"]
[PlyCount "116"]
[EventDate "2005.04.02"]
[EventType "swiss (blitz)"]
[EventRounds "15"]
[Source "Mark Crowther"]
[SourceDate "2005.04.04"]

1. e4 c5 2. Nf3 e6 3. d4 cxd4 4. Nxd4 a6 5. Nc3 Qc7 6. Be2 Nf6 7. O-O Bb4 8.
Qd3 Nc6 9. Kh1 Ne5 10. Qg3 O-O 11. Bf4 d6 12. Bh6 Ng6 13. Bg5 Bxc3 14. Bxf6
Bxd4 15. Bxd4 Qxc2 16. Bd3 Qd2 17. Bc3 Qf4 18. Rad1 Qxg3 19. hxg3 d5 20. exd5
exd5 21. Bxg6 hxg6 22. Rxd5 Be6 23. Rd6 Bxa2 24. Rd7 b5 25. Bb4 Rfe8 26. Rc1 a5
27. Bc3 b4 28. Bd4 a4 29. Rb7 Reb8 30. Rxb8+ Rxb8 31. Bc5 Be6 32. Kg1 Rc8 33.
f3 a3 34. bxa3 bxa3 35. Bxa3 Ra8 36. Bb2 g5 37. Bd4 g4 38. Kf2 Ra2+ 39. Kg1
gxf3 40. gxf3 Bd5 41. Rc3 Rd2 42. Bf2 g5 43. g4 Kg7 44. Kg2 Kg6 45. Kg3 f5 46.
gxf5+ Kxf5 47. Be3 Rd1 48. Rc8 Rd3 49. Rf8+ Kg6 50. Bf2 Bf7 51. Rc8 Kf5 52. Rf8
Kf6 53. Rc8 Bd5 54. Rf8+ Kg7 55. Rf5 Kg6 56. Rf8 Bf7 57. Rc8 Be6 58. Rf8 Bd5
1/2-1/2

[Event "3rd ch-GER Internet Blitz Candidates"]
[Site "playchess INT"]
[Date "2005.04.02"]
[Round "3"]
[White "Hoffmann, L."]
[Black "Gaede, D."]
[Result "1/2-1/2"]
[WhiteElo "2157"]
[BlackElo "2194"]
[PlyCount "146"]
[EventDate "2005.04.02"]
[EventType "swiss (blitz)"]
[EventRounds "15"]
[Source "Mark Crowther"]
[SourceDate "2005.04.04"]

1. e4 e6 2. Nf3 d5 3. Nc3 Nc6 4. d4 Nf6 5. exd5 exd5 6. Bd3 Bb4 7. O-O O-O 8.
Bg5 Bxc3 9. bxc3 Bg4 10. h3 Bh5 11. Re1 Qd6 12. Rb1 b6 13. Bb5 Ne4 14. Bd2 Bxf3
15. gxf3 Qg6+ 16. Kh2 Nxd2 17. Qxd2 Ne7 18. Bd3 Qf6 19. Qe3 Rfe8 20. Rg1 g6 21.
f4 Nf5 22. Qf3 c6 23. Rg5 Nd6 24. Rg2 Re7 25. f5 Rae8 26. Rbg1 Kh8 27. Qf4 Re1
28. Rxe1 Rxe1 29. Qh6 Re8 30. fxg6 fxg6 31. Rxg6 Qxf2+ 32. Rg2 Qf7 33. Qxd6 Rf8
34. Qg3 c5 35. h4 Qf6 36. Kh3 Qe6+ 37. Qg4 Rf3+ 38. Rg3 Rxg3+ 39. Kxg3 Qe3+ 40.
Qf3 Qg1+ 41. Kh3 Qg7 42. Qf5 Qe7 43. Qc8+ Kg7 44. Qf5 Qe3+ 45. Kg4 Qg1+ 46. Kh5
Qe3 47. Qg5+ Qxg5+ 48. hxg5 c4 49. Bf5 b5 50. Bc8 a5 51. Ba6 b4 52. cxb4 axb4
53. Bb7 b3 54. axb3 c3 55. Bxd5 h6 56. Be4 hxg5 57. Kxg5 Kf7 58. Kf4 Ke7 59.
Ke3 Kd6 60. Kd3 Kc7 61. Kxc3 Kd6 62. Kd3 Kc7 63. c4 Kd6 64. Kc3 Kc7 65. b4 Kd6
66. b5 Kc7 67. Kb4 Kb8 68. c5 Kc7 69. b6+ Kb8 70. Kc4 Kc8 71. Kd5 Kb8 72. Kd6
Kc8 73. c6 Kb8 1/2-1/2

[Event "3rd ch-GER Internet Blitz Candidates"]
[Site "playchess INT"]
[Date "2005.04.02"]
[Round "3"]
[White "Zwahr, P."]
[Black "Vuckovic, Alek"]
[Result "0-1"]
[WhiteElo "2104"]
[BlackElo "2325"]
[PlyCount "166"]
[EventDate "2005.04.02"]
[EventType "swiss (blitz)"]
[EventRounds "15"]
[Source "Mark Crowther"]
[SourceDate "2005.04.04"]

1. e4 c5 2. Nf3 Nc6 3. d4 cxd4 4. Nxd4 g6 5. Nc3 Bg7 6. Be3 Nf6 7. Bc4 O-O 8.
Bb3 a5 9. a4 d6 10. f3 Bd7 11. Qd2 Rc8 12. O-O-O Ne5 13. Kb1 Nc4 14. Bxc4 Rxc4
15. Ndb5 Bxb5 16. axb5 Qc8 17. Nd5 Nxd5 18. exd5 Rb4 19. b3 Rxb5 20. Qd3 Qd7
21. c4 Rb4 22. Bd2 Rb6 23. Be3 Ra6 24. h4 Rb8 25. h5 b5 26. c5 dxc5 27. Bxc5
Rc8 28. Rc1 Raa8 29. Rhd1 b4 30. Qe4 Re8 31. hxg6 hxg6 32. Rh1 a4 33. Bd4 axb3
34. Qh4 Qf5+ 35. Kb2 Ra2+ 36. Kxb3 Qxd5+ 37. Rc4 Ra3+ 38. Kb2 Bxd4+ 39. Qxd4
Qxd4+ 40. Rxd4 Rea8 41. Rxb4 Ra2+ 42. Kc3 R8a3+ 43. Kd4 Rxg2 44. Ke4 Kg7 45.
Rd1 Re2+ 46. Kf4 e5+ 47. Kg3 e4 48. Rf1 Ree3 49. Kf4 Rxf3+ 50. Rxf3 exf3 51.
Rb2 f6 52. Rf2 g5+ 53. Kf5 Kf7 54. Rb2 Ra5+ 55. Kg4 Kg6 56. Kxf3 Ra3+ 57. Kg2
g4 58. Rb5 f5 59. Rb8 Kg5 60. Rg8+ Kf4 61. Rb8 Ra2+ 62. Kg1 Kg3 63. Rb3+ Kh4
64. Rb8 f4 65. Rh8+ Kg3 66. Kf1 f3 67. Re8 Ra1+ 68. Re1 Rxe1+ 69. Kxe1 Kg2 70.
Kd2 f2 71. Ke3 f1=Q 72. Ke4 Qf3+ 73. Ke5 Kf2 74. Ke6 g3 75. Ke5 g2 76. Ke6 g1=Q
77. Ke5 Qe1+ 78. Kd4 Qfe3+ 79. Kc4 Q1d2 80. Kb5 Qec3 81. Ka4 Qdd4+ 82. Kb5
Qdb4+ 83. Ka6 Qca3# 0-1

[Event "3rd ch-GER Internet Blitz Candidates"]
[Site "playchess INT"]
[Date "2005.04.02"]
[Round "4"]
[White "Schoeneberg, M."]
[Black "Zimmermann, J."]
[Result "1-0"]
[WhiteElo "2326"]
[BlackElo "2335"]
[PlyCount "27"]
[EventDate "2005.04.02"]
[EventType "swiss (blitz)"]
[EventRounds "15"]
[Source "Mark Crowther"]
[SourceDate "2005.04.04"]

1. e4 c5 2. Nf3 d6 3. d4 cxd4 4. Qxd4 a6 5. c4 Nc6 6. Qd2 g6 7. b3 Bg7 8. Bb2
Nf6 9. Nc3 Qa5 10. Nd5 Qxd2+ 11. Nxd2 Kd7 12. Nb6+ Kc7 13. Nxa8+ Kb8 14. Nb6
1-0

[Event "3rd ch-GER Internet Blitz Candidates"]
[Site "playchess INT"]
[Date "2005.04.02"]
[Round "4"]
[White "Junge, Ka"]
[Black "Zwahr, P."]
[Result "1-0"]
[WhiteElo "2256"]
[BlackElo "2104"]
[PlyCount "53"]
[EventDate "2005.04.02"]
[EventType "swiss (blitz)"]
[EventRounds "15"]
[Source "Mark Crowther"]
[SourceDate "2005.04.04"]

1. Nf3 Nf6 2. g3 g6 3. Bg2 Bg7 4. O-O d6 5. d4 O-O 6. c4 Nc6 7. Nc3 e5 8. d5
Ne7 9. e4 Nd7 10. Ne1 f5 11. f4 Nf6 12. Nd3 b6 13. fxe5 dxe5 14. exf5 Bxf5 15.
Nxe5 Nfxd5 16. Nxd5 Bxe5 17. Bg5 Nxd5 18. Bxd8 Ne3 19. Bxa8 Nxd1 20. Raxd1 Bxb2
21. Bf3 Be5 22. Bg5 Bd6 23. g4 Bc2 24. Bd5+ Kg7 25. Rxf8 Bxf8 26. Rf1 Bc5+ 27.
Kg2 1-0

[Event "3rd ch-GER Internet Blitz Candidates"]
[Site "playchess INT"]
[Date "2005.04.02"]
[Round "4"]
[White "Womacka, M."]
[Black "Buchenthal, D."]
[Result "1-0"]
[WhiteElo "2436"]
[BlackElo "2258"]
[PlyCount "49"]
[EventDate "2005.04.02"]
[EventType "swiss (blitz)"]
[EventRounds "15"]
[Source "Mark Crowther"]
[SourceDate "2005.04.04"]

1. e4 d5 2. exd5 Nf6 3. d4 Bg4 4. f3 Bf5 5. Bb5+ Nbd7 6. c4 a6 7. Bxd7+ Qxd7 8.
Ne2 e6 9. dxe6 Qxe6 10. d5 Qb6 11. Qd4 Qxd4 12. Nxd4 Bg6 13. Nc3 Bc5 14. Be3
O-O-O 15. Kf2 c6 16. Rac1 Kb8 17. Na4 Bxd4 18. Bxd4 cxd5 19. c5 Rc8 20. Nb6 Rc6
21. Bxf6 gxf6 22. Nxd5 Rd8 23. Rhd1 Ka7 24. b4 Bf5 25. Ne7 1-0

[Event "3rd ch-GER Internet Blitz Candidates"]
[Site "playchess INT"]
[Date "2005.04.02"]
[Round "4"]
[White "Kopylov, M."]
[Black "Peschlow, P."]
[Result "1/2-1/2"]
[WhiteElo "2430"]
[BlackElo "2318"]
[PlyCount "45"]
[EventDate "2005.04.02"]
[EventType "swiss (blitz)"]
[EventRounds "15"]
[Source "Mark Crowther"]
[SourceDate "2005.04.04"]

1. d4 Nf6 2. c4 g6 3. g3 d5 4. cxd5 Nxd5 5. Bg2 Bg7 6. Nc3 Nb6 7. Nf3 Nc6 8.
O-O Nxd4 9. Nxd4 Qxd4 10. Nb5 Qc4 11. a4 O-O 12. Bf4 e5 13. Rc1 Qxa4 14. Qxa4
Nxa4 15. Nxc7 Rb8 16. Be3 b6 17. Rc4 Nc5 18. Ra1 a5 19. b4 axb4 20. Rxb4 Ne6
21. Nxe6 Bxe6 22. Rxb6 Rxb6 23. Bxb6 1/2-1/2

[Event "3rd ch-GER Internet Blitz Candidates"]
[Site "playchess INT"]
[Date "2005.04.02"]
[Round "4"]
[White "Kostic, Vl"]
[Black "Enzmann, S."]
[Result "1-0"]
[WhiteElo "2439"]
[BlackElo "2204"]
[PlyCount "57"]
[EventDate "2005.04.02"]
[EventType "swiss (blitz)"]
[EventRounds "15"]
[Source "Mark Crowther"]
[SourceDate "2005.04.04"]

1. Nf3 Nf6 2. c4 g6 3. Nc3 Bg7 4. e4 d6 5. d4 O-O 6. h3 a6 7. Bg5 h6 8. Be3 Bd7
9. Qd2 Kh7 10. g4 b5 11. g5 hxg5 12. Nxg5+ Kg8 13. e5 Nh5 14. Bg2 c6 15. Bf3
dxe5 16. Bxh5 exd4 17. Bxd4 e5 18. Bc5 gxh5 19. Bxf8 Qxf8 20. Rg1 Bf5 21. Nce4
f6 22. Nd6 fxg5 23. Qxg5 Bxh3 24. O-O-O Qf4+ 25. Qxf4 exf4 26. Ne8 Bg4 27. Rd8
Kf7 28. Nxg7 Kxg7 29. f3 1-0

[Event "3rd ch-GER Internet Blitz Candidates"]
[Site "playchess INT"]
[Date "2005.04.02"]
[Round "4"]
[White "Brener, I."]
[Black "Phildius, B."]
[Result "1/2-1/2"]
[WhiteElo "2321"]
[BlackElo "2312"]
[PlyCount "62"]
[EventDate "2005.04.02"]
[EventType "swiss (blitz)"]
[EventRounds "15"]
[Source "Mark Crowther"]
[SourceDate "2005.04.04"]

1. e4 e6 2. d4 b6 3. c4 Bb7 4. Bd3 Bb4+ 5. Nc3 Qh4 6. Nf3 Qh5 7. O-O Bxc3 8.
bxc3 Ne7 9. d5 O-O 10. Re1 d6 11. a4 a5 12. e5 Ng6 13. Ba3 Na6 14. exd6 cxd6
15. Bxd6 Rfd8 16. Bg3 exd5 17. Bxg6 hxg6 18. Re5 dxc4 19. Qf1 Qg4 20. Nd4 Rac8
21. Re7 Bd5 22. Rb1 Nc5 23. Bc7 Rxc7 24. Rxc7 Nxa4 25. Nb5 Bxg2 26. Qxg2 Rd1+
27. Rxd1 Qxd1+ 28. Qf1 Qg4+ 29. Qg2 Qd1+ 30. Qf1 Qg4+ 31. Qg2 Qd1+ 1/2-1/2

[Event "3rd ch-GER Internet Blitz Candidates"]
[Site "playchess INT"]
[Date "2005.04.02"]
[Round "4"]
[White "Schmidt, Ha"]
[Black "Schunk, T1."]
[Result "1-0"]
[WhiteElo "2368"]
[BlackElo "2280"]
[PlyCount "77"]
[EventDate "2005.04.02"]
[EventType "swiss (blitz)"]
[EventRounds "15"]
[Source "Mark Crowther"]
[SourceDate "2005.04.04"]

1. e4 g6 2. h4 h5 3. Nf3 c6 4. Ng5 d5 5. Nc3 d4 6. Ne2 e5 7. d3 f6 8. Nf3 Bg4
9. Ng3 Be7 10. Be2 Bxf3 11. gxf3 c5 12. f4 Nh6 13. f5 gxf5 14. Bxh5+ Kd7 15.
Nxf5 Nxf5 16. Bg4 Nc6 17. Bxf5+ Kc7 18. Bd2 Bf8 19. Qf3 Bh6 20. Bxh6 Rxh6 21.
O-O-O Qh8 22. Kb1 Rxh4 23. Rxh4 Qxh4 24. Rh1 Rg8 25. a3 Qg5 26. Be6 Rg7 27. Rh5
Qg1+ 28. Ka2 Qc1 29. Qxf6 Rg1 30. Rh7+ Kb6 31. Bd5 Qxc2 32. Rxb7+ Ka5 33. Rb5+
Kxb5 34. Qxc6+ Ka5 35. Qc7+ Ka6 36. Bb7+ Kb5 37. Bc6+ Ka6 38. Qb7+ Ka5 39. Qb5#
1-0

[Event "3rd ch-GER Internet Blitz Candidates"]
[Site "playchess INT"]
[Date "2005.04.02"]
[Round "4"]
[White "Polaczek, R."]
[Black "Rachut, S."]
[Result "1-0"]
[WhiteElo "2426"]
[BlackElo "2068"]
[PlyCount "67"]
[EventDate "2005.04.02"]
[EventType "swiss (blitz)"]
[EventRounds "15"]
[Source "Mark Crowther"]
[SourceDate "2005.04.04"]

1. d4 Nf6 2. Bg5 d6 3. Bxf6 exf6 4. e3 g6 5. c4 f5 6. Nc3 Bg7 7. g3 O-O 8. Bg2
Nc6 9. Nge2 Re8 10. O-O a5 11. a3 Bd7 12. Rb1 Rb8 13. b4 axb4 14. axb4 Ne7 15.
b5 g5 16. Ra1 Ng6 17. Ra7 Qc8 18. Nd5 Be6 19. Qd3 Ne7 20. Nxe7+ Rxe7 21. Nc3
Re8 22. Rfa1 c6 23. R1a4 Rd8 24. d5 cxd5 25. Nxd5 Kf8 26. b6 Bxd5 27. Bxd5 Qd7
28. g4 fxg4 29. Qxh7 Qe7 30. Qe4 Be5 31. Bxb7 Qf6 32. Qxg4 Kg7 33. Bd5 Rh8 34.
Rxf7+ 1-0

[Event "3rd ch-GER Internet Blitz Candidates"]
[Site "playchess INT"]
[Date "2005.04.02"]
[Round "4"]
[White "Heinzel, O."]
[Black "Hoffmann, L."]
[Result "0-1"]
[WhiteElo "2402"]
[BlackElo "2157"]
[PlyCount "64"]
[EventDate "2005.04.02"]
[EventType "swiss (blitz)"]
[EventRounds "15"]
[Source "Mark Crowther"]
[SourceDate "2005.04.04"]

1. d4 d5 2. Nf3 Nc6 3. h3 Nf6 4. e3 Bf5 5. Be2 e6 6. O-O h6 7. a3 Bd6 8. b4 O-O
9. c4 e5 10. b5 e4 11. Nh4 Ne7 12. c5 Bc8 13. cxd6 Qxd6 14. g4 h5 15. a4 hxg4
16. Ba3 Qe6 17. hxg4 Re8 18. Bxe7 Qxe7 19. Nf5 Bxf5 20. gxf5 Nh7 21. f4 exf3
22. Rxf3 Ng5 23. Rg3 Ne4 24. Rg2 Qh4 25. f6 Nxf6 26. Ra3 Ne4 27. Nd2 Ng3 28.
Nf1 Qh1+ 29. Kf2 Ne4+ 30. Kf3 Qh5+ 31. Kf4 g5+ 32. Kf5 Qh3+ 0-1

[Event "3rd ch-GER Internet Blitz Candidates"]
[Site "playchess INT"]
[Date "2005.04.02"]
[Round "4"]
[White "Muse, D."]
[Black "Buchenau, F."]
[Result "1-0"]
[WhiteElo "2418"]
[BlackElo "2345"]
[PlyCount "81"]
[EventDate "2005.04.02"]
[EventType "swiss (blitz)"]
[EventRounds "15"]
[Source "Mark Crowther"]
[SourceDate "2005.04.04"]

1. d4 e6 2. Nf3 Nf6 3. c4 b6 4. e3 Bb7 5. Bd3 d5 6. O-O Bd6 7. Nc3 O-O 8. b3 a6
9. Bb2 Nbd7 10. Rc1 Qe7 11. Na4 Ne4 12. Ne5 Nxe5 13. dxe5 Ba3 14. Bxa3 Qxa3 15.
cxd5 Bxd5 16. Qc2 b5 17. Nb2 Rac8 18. Nd1 f5 19. exf6 Nxf6 20. Nc3 Bb7 21. e4
e5 22. Nd5 c6 23. Ne3 Rfd8 24. Qe2 Rc7 25. Bb1 Rcd7 26. Qf3 Rd2 27. Nf5 Bc8 28.
Nh6+ Kf8 29. Rxc6 R2d6 30. Rxd6 Qxd6 31. Nf5 Bxf5 32. Qxf5 g6 33. Qg5 Kg7 34.
g3 h6 35. Qc1 g5 36. h3 Qd2 37. Qc7+ Qd7 38. Qxe5 Qxh3 39. Qe7+ Kg6 40. e5+ Kh5
41. Qxf6 1-0

[Event "3rd ch-GER Internet Blitz Candidates"]
[Site "playchess INT"]
[Date "2005.04.02"]
[Round "4"]
[White "Berelovich, A."]
[Black "Seel, C."]
[Result "1-0"]
[WhiteElo "2542"]
[BlackElo "2477"]
[PlyCount "116"]
[EventDate "2005.04.02"]
[EventType "swiss (blitz)"]
[EventRounds "15"]
[Source "Mark Crowther"]
[SourceDate "2005.04.04"]

1. e4 e5 2. Nf3 d6 3. d4 exd4 4. Nxd4 Nf6 5. Nc3 Be7 6. Bc4 O-O 7. O-O Nxe4 8.
Nxe4 d5 9. Bd3 dxe4 10. Bxe4 Re8 11. Bf3 Na6 12. Bf4 c6 13. Qd2 Bf6 14. Rad1
Qb6 15. c3 Nc5 16. Be3 Qa6 17. Nxc6 bxc6 18. Bxc5 Be6 19. b3 Bf5 20. Bd4 Rad8
21. Rfe1 Be6 22. Qb2 Bxd4 23. Rxd4 Rxd4 24. cxd4 Rd8 25. h3 h6 26. Rc1 Bd5 27.
Bxd5 Rxd5 28. Rc4 Qb6 29. Qc3 g6 30. Rxc6 Qxd4 31. Qxd4 Rxd4 32. Ra6 Rd7 33.
Kf1 Re7 34. b4 Kg7 35. b5 h5 36. a4 h4 37. f4 f5 38. Kf2 Kf7 39. Kf3 Kg7 40.
Rc6 Kh6 41. Rc4 g5 42. fxg5+ Kxg5 43. a5 Re1 44. Rb4 Rf1+ 45. Ke2 Rg1 46. Kf2
Ra1 47. b6 Ra2+ 48. Kf3 Ra3+ 49. Kf2 Ra2+ 50. Ke3 Ra3+ 51. Kd4 axb6 52. axb6
Ra8 53. b7 Rb8 54. Kc5 f4 55. Kc6 f3 56. gxf3 Kf5 57. Kc7 Re8 58. b8=Q Rxb8 1-0

[Event "3rd ch-GER Internet Blitz Candidates"]
[Site "playchess INT"]
[Date "2005.04.02"]
[Round "4"]
[White "Vuckovic, Alek"]
[Black "Heyken, E."]
[Result "1-0"]
[WhiteElo "2325"]
[BlackElo "2331"]
[PlyCount "95"]
[EventDate "2005.04.02"]
[EventType "swiss (blitz)"]
[EventRounds "15"]
[Source "Mark Crowther"]
[SourceDate "2005.04.04"]

1. e4 e6 2. d4 d5 3. Nd2 Nf6 4. e5 Nfd7 5. Bd3 c5 6. c3 b6 7. Ne2 Ba6 8. Bxa6
Nxa6 9. a3 Be7 10. O-O b5 11. f4 g6 12. Nf3 h5 13. Be3 Qb6 14. Bf2 Rc8 15. h3
Nab8 16. Qe1 Nc6 17. Bh4 cxd4 18. cxd4 f6 19. exf6 Nxf6 20. Rd1 Ne4 21. Bxe7
Nxe7 22. Ng3 Nf6 23. Ng5 h4 24. Nh1 Kd7 25. Qe5 Rhf8 26. Rde1 Rc6 27. Rf2 Nf5
28. Rd2 Nh5 29. Nf2 Nhg3 30. Ng4 Kc8 31. Kh2 Kb7 32. Nxe6 Re8 33. Nc5+ Rxc5 34.
Qxe8 Rc7 35. Qe5 Qc6 36. Nf6 Ne4 37. Nxe4 dxe4 38. Qxe4 Qxe4 39. Rxe4 Rc1 40.
Rd3 Ng3 41. Rxg3 hxg3+ 42. Kxg3 Rb1 43. Re2 a5 44. Kg4 Kc6 45. Kg5 Kd5 46. Kxg6
Kxd4 47. f5 Kd3 48. Rf2 1-0

[Event "3rd ch-GER Internet Blitz Candidates"]
[Site "playchess INT"]
[Date "2005.04.02"]
[Round "4"]
[White "Wornath, K."]
[Black "Buscher, M."]
[Result "0-1"]
[WhiteElo "2388"]
[BlackElo "2305"]
[PlyCount "90"]
[EventDate "2005.04.02"]
[EventType "swiss (blitz)"]
[EventRounds "15"]
[Source "Mark Crowther"]
[SourceDate "2005.04.04"]

1. d4 Nf6 2. c4 e6 3. Nf3 c5 4. d5 b5 5. Bg5 exd5 6. cxd5 h6 7. Bxf6 Qxf6 8.
Nc3 b4 9. Nb5 Qb6 10. e4 a6 11. a4 axb5 12. axb5 Rxa1 13. Qxa1 Be7 14. Bc4 O-O
15. e5 d6 16. e6 fxe6 17. dxe6 Bb7 18. Qd1 d5 19. Be2 Qxe6 20. O-O Nd7 21. Re1
Qf7 22. Qa4 Bf6 23. b3 Ne5 24. Qa7 Nxf3+ 25. Bxf3 Bd4 26. h4 Kh8 27. h5 Qc7 28.
Re2 Ra8 29. Qxa8+ Bxa8 30. Re8+ Kh7 31. Rxa8 Qe5 32. Kf1 Bc3 33. Be2 c4 34. g3
Qe4 35. f3 Qb1+ 36. Kg2 Qc2 37. Kf1 Qc1+ 38. Kg2 Qd2 39. Re8 cxb3 40. b6 Bd4
41. b7 Ba7 42. Kh3 b2 43. Bb5 b1=Q 44. Bd7 Qh1+ 45. Kg4 Qd4+ 0-1

[Event "3rd ch-GER Internet Blitz Candidates"]
[Site "playchess INT"]
[Date "2005.04.02"]
[Round "4"]
[White "Zumsande, M."]
[Black "Gramlich, S."]
[Result "0-1"]
[WhiteElo "2381"]
[BlackElo "2064"]
[PlyCount "120"]
[EventDate "2005.04.02"]
[EventType "swiss (blitz)"]
[EventRounds "15"]
[Source "Mark Crowther"]
[SourceDate "2005.04.04"]

1. e4 d5 2. exd5 Nf6 3. d4 Bg4 4. f3 Bf5 5. Ne2 Nxd5 6. Ng3 Bg6 7. Bd3 Bxd3 8.
Qxd3 Nc6 9. c3 e6 10. O-O Be7 11. Nd2 Qd7 12. Nde4 O-O-O 13. b4 h5 14. Nc5 Bxc5
15. bxc5 h4 16. Ne4 h3 17. g3 Nce7 18. Rb1 Nf5 19. Bd2 Qc6 20. Rb2 Kb8 21. Rfb1
b6 22. a4 Ka8 23. cxb6 cxb6 24. a5 bxa5 25. Nc5 Nc7 26. Bf4 Qxc5 27. Qe4+ Qd5
28. Bxc7 Rc8 29. Bxa5 Nd6 30. Qxd5+ exd5 31. Bb4 Nc4 32. Ra2 Rhe8 33. Rba1 Rc7
34. Bc5 a5 35. Bb4 Ra7 36. Bxa5 Kb7 37. Bb4 Rxa2 38. Rxa2 Re1+ 39. Kf2 Rh1 40.
Ra4 Rxh2+ 41. Kg1 Rg2+ 42. Kh1 Rxg3 43. Ra2 Rxf3 44. Kh2 g5 45. Re2 f5 46. Re7+
Kc6 47. Re6+ Kb5 48. Bd6 g4 49. Bg3 f4 50. Bxf4 Rxf4 51. Kg3 Rf1 52. Rh6 Rg1+
53. Kh2 Rg2+ 54. Kh1 Nd2 55. c4+ dxc4 56. Rf6 Nf3 57. Rf5+ Kb4 58. Rxf3 gxf3
59. d5 f2 60. d6 f1=Q# 0-1